000 00357nam a2200145Ia 4500
008 231129s1985||||xx |||||||||||||| ||spa||
020 _a84-7634-424-4
040 _bspa
082 _a808.3876 S935v
100 _aSturgeon Theodore
245 0 _aVenus Mas X
260 _c1985
264 _aOrbis
942 _2ddc
_cBKS
999 _c26180
_d26180